Cultura: política cultural y política pública /

Guardado en:
Bibliografiske detaljer
Hovedforfatter: Pulido, Orlando
Format: Texto
Tags: Tilføj Tag
Ingen Tags, Vær først til at tagge denne postø!

MARC

LEADER 00000 a a2200000 04500
001 16312
003
040
100 |a Pulido, Orlando  
245 |a Cultura: política cultural y política pública /  |c Orlando Pulido 
773 |g número 8; páginas 73-82  
999 |c 23026  |d 23026